| 000 | 00885cab a2200217 4500 | ||
|---|---|---|---|
| 001 | L144798 | ||
| 008 | 080811s2008 xxko s 000 0 eng u | ||
| 035 | _a(Sirsi) u144798 | ||
| 041 | 0 | _aeng | |
| 100 | 1 | _aHansford, Mark | |
| 245 | 0 | 0 | _aNew Civil Engineer Contractors File 2008 |
| 260 | _c2006 | ||
| 490 | 0 |
_aNew Civil Engineer _vsupplement 2008 |
|
| 520 | _aContains alphabetical listing of construction companies, and tables including; UK civil engineering turnover, overall turnover, UK civil engineering operating profit, pretax profit, total staff and engineering staff, buildings, and work in hand. Includes analysis, and articles about the New Civil Engineer contractors of the year. | ||
| 651 | 4 |
_aUnited Kingdom _y |
|
| 690 | _aBUILT ENVIRONMENT-CONSTRUCTION MARKET | ||
| 700 | 1 | _aBeales, Rosemary | |
| 700 | 1 | _aTurner, Jim | |
| 700 | 1 | _aHandley, Lucy | |
| 942 | _n0 | ||
| 999 |
_c80594 _d80594 |
||